20 poemas de amor y una canción desesperada
Guardat en:
| Autor principal: | |
|---|---|
| Format: | Llibre |
| Idioma: | espanyol |
| Publicat: |
Santiago
Origo
2017
|
| Edició: | 1a. ed |
| Col·lecció: | Viva Leer
|
| Matèries: | |
| Etiquetes: |
Afegir etiqueta
Sense etiquetes, Sigues el primer a etiquetar aquest registre!
|
MARC
| LEADER | 00000cam a2200000 a 4500 | ||
|---|---|---|---|
| 001 | UCC2253 | ||
| 003 | CL-VaPUC | ||
| 008 | 180114e20170000cl |||||||||||||||||spa|d | ||
| 020 | |a 9789563163537 | ||
| 082 | 0 | 4 | |a Ch861 |b NER |2 21 |
| 100 | |a Neruda, Pablo |e autor |9 306531 | ||
| 245 | 1 | 0 | |a 20 poemas de amor y una canción desesperada |
| 250 | |a 1a. ed | ||
| 300 | |a 151 p | ||
| 942 | |c BK | ||
| 945 | |d 20180114 20:51:00 |a arojas | ||
| 260 | |a Santiago |b Origo |c 2017 | ||
| 650 | 0 | |a Poesías chilenas |9 265280 | |
| 650 | 0 | |a Literatura chilena |9 308278 | |
| 583 | |a last modification |c 20180114 20:51:00 |k Rodrigo Vera | ||
| 490 | 0 | |a Viva Leer | |
| 999 | |c 370487 |d 370485 | ||
| 952 | |0 0 |1 0 |3 erd |4 0 |6 CH_861_000000000000000_NER_2017 |7 0 |8 C |9 487006 |a BIBCUR |b BIBCUR |i 5446856 |l 3 |o Ch861 NER 2017 |p 5446856 |r 2025-04-22 |s 2023-04-12 |w 2019-11-24 |y BK |z Catalogado en:20180114 |k CAC | ||